[Event "YUG-chT FL"]
[Site "Arandjelovac"]
[Date "1990.??.??"]
[Round "5"]
[White "Baginskaite, Camilla"]
[Black "Vulovic, Dragana"]
[Result "1-0"]
[WhiteElo "2285"]
[BlackElo "2020"]
[PlyCount "101"]
[EventDate "1990.??.??"]
[EventType "team"]
[EventRounds "11"]
[EventCountry "YUG"]
[SourceTitle "EXT 1997"]
[Source "ChessBase"]
[SourceDate "1996.11.15"]
[SourceVersion "1"]
[SourceVersionDate "1996.11.15"]
[SourceQuality "1"]

1. d4 Nf6 2. c4 g6 3. g3 Bg7 4. Bg2 0-0 5. Nc3 d6 6. Nf3 c6 7. 0-0 Bg4 8. e4 Nbd7 9. Be3 e5 10. h3 Bxf3 11. Qxf3 Qe7 12. Rad1 Rfd8 13. Rd2 Nf8 14. Rfd1 Ne6 15. d5 Nf8 16. dxc6 bxc6 17. c5 dxc5 18. Bxc5 Qe8 19. Rxd8 Rxd8 20. Rxd8 Qxd8 21. Bxa7 Qd2 22. Qe2 Qd7 23. Be3 Ne6 24. Qc4 Ne8 25. a4 Nd6 26. Qa6 Bf8 27. a5 Nd4 28. Qa8 Qc8 29. Qxc8 Nxc8 30. Na4 Bb4 31. a6 f6 32. Bf1 Kf8 33. f4 Ke8 34. Kf2 Kd7 35. fxe5 fxe5 36. Bc4 Kc7 37. Bg8 Nd6 38. Bxh7 Nxe4+ 39. Kg2 Nf6 40. Bxg6 Nd5 41. Bf2 Be7 42. Be4 Nb4 43. a7 Kb7 44. Nb6 Kxa7 45. Nc8+ Ka6 46. Nxe7 Kb5 47. Bxd4 exd4 48. Nxc6 Nxc6 49. Bxc6+ Kxc6 50. Kf3 Kd5 51. h4 1-0